[Event "Zagreb Open GpA"]
[Site "Zagreb CRO"]
[Date "2010.02.25"]
[Round "1"]
[White "Kozul,Z"]
[Black "Runic,Z"]
[Result "1-0"]
[WhiteElo "2617"]
[BlackElo "2427"]
[EventDate "2010.02.25"]

1. d4 Nf6 2. Nf3 d6 3. c4 Bg4 4. Nc3 Bxf3 5. exf3 e6 6. d5 e5 7. Be3 Be7 8.
Qb3 Qc8 9. h4 Nbd7 10. g3 c6 11. Bh3 Qc7 12. O-O h6 13. Rfd1 c5 14. Qc2 a6
15. a4 g6 16. a5 Kf8 17. Na4 Kg7 18. Bd2 Rae8 19. Rab1 Bd8 20. Bc3 h5 21.
Re1 Rhf8 22. Re2 Ng8 23. b4 cxb4 24. Bxb4 f5 25. Qb3 Rf7 26. Rc2 Ngf6 27.
Bf1 e4 28. f4 Nc5 29. Nxc5 dxc5 30. Bc3 Kg8 31. Qa4 Rd7 32. Rb6 Kf7 33.
Rcb2 Qc8 34. Qa1 Bxb6 35. Rxb6 Nh7 36. Be2 Nf8 37. Qc1 Rde7 38. Bb2 Nd7 39.
Qc3 Rg8 40. Rb3 Qc7 41. Bd1 Ree8 42. Rb6 Rb8 43. Ba4 1-0

[Event "Zagreb Open GpA"]
[Site "Zagreb CRO"]
[Date "2010.02.25"]
[Round "1"]
[White "Loncar,R"]
[Black "Radulski,J"]
[Result "0-1"]
[WhiteElo "2424"]
[BlackElo "2577"]
[EventDate "2010.02.25"]

1. Nf3 d5 2. c4 e6 3. d4 Nf6 4. e3 Be7 5. Nc3 O-O 6. Bd3 dxc4 7. Bxc4 a6 8.
Bd3 c5 9. dxc5 Bxc5 10. O-O Nc6 11. a3 Qc7 12. Qc2 Ba7 13. Ne4 Nxe4 14.
Bxe4 f5 15. Bxc6 bxc6 16. b4 c5 17. Bb2 Bb7 18. Be5 Qe7 19. Rfd1 Bd5 20.
Qe2 Rfc8 21. bxc5 Bxc5 22. h3 a5 23. a4 Bb4 24. Rdc1 Qd7 25. Qb2 h6 26. Nd4
Kh7 27. Ne2 Bf8 28. Nf4 Bc4 29. Rc2 Rc5 30. Rd2 Qe8 31. Rad1 Qxa4 32. Rd7
Bd5 33. R1xd5 Rxd5 34. Rxd5 exd5 35. Qb7 Re8 36. Bd4 Re7 37. Qxd5 Qd7 38.
Qxa5 Re4 39. Ne2 Re8 40. Qa2 Bd6 41. f4 Bf8 42. Ng3 g6 43. Qb2 Qd5 44. Qb6
Qe6 45. Qxe6 Rxe6 46. Kf2 Ra6 47. Ne2 Be7 48. Kf3 Kg8 49. Nc3 Kf7 50. Nd5
Bd6 51. Nb6 Ke6 52. Nc4 Bc7 53. Ne5 Bxe5 54. Bxe5 Kd5 55. Bg7 h5 56. g4 Rc6
57. Bd4 h4 58. Bg7 Re6 59. Bc3 Kc4 60. Be5 Kd3 61. Bd4 Rc6 62. Bg7 Rc2 63.
gxf5 gxf5 64. Bf6 Rh2 65. Bxh4 Rxh3+ 66. Bg3 Rh1 67. Kg2 Rb1 68. Kf3 Rb2
69. Bh4 Re2 70. Bf2 Kd2 71. Kg3 Kc2 72. Kf3 Kd3 73. Bg1 Re1 74. Bf2 Rf1 75.
Kg2 Ke2 76. Bh4 Rf3 77. Bf6 Kxe3 78. Be5 Rf2+ 79. Kg3 Rf1 80. Kg2 Rc1 81.
Bd6 Rc2+ 82. Kg3 Rc6 83. Be7 Rg6+ 84. Bg5 Ke2 85. Kg2 Rc6 86. Kg3 Rc3+ 87.
Kg2 Rf3 88. Bh6 Rf2+ 89. Kg3 Kf1 90. Bf8 Rg2+ 91. Kf3 Rd2 92. Ke3 Rd8 93.
Bg7 Rd7 94. Bf6 Kg2 95. Ke2 Ra7 96. Bd4 Ra4 97. Ke3 Rxd4 0-1

[Event "Zagreb Open GpA"]
[Site "Zagreb CRO"]
[Date "2010.02.25"]
[Round "1"]
[White "Gleizerov,E"]
[Black "Biti,O"]
[Result "1-0"]
[WhiteElo "2565"]
[BlackElo "2399"]
[EventDate "2010.02.25"]

1. d4 d6 2. Nf3 g6 3. c4 Bg7 4. Nc3 Nf6 5. e4 O-O 6. Be2 Bg4 7. Be3 Nfd7 8.
h4 c5 9. d5 Nf6 10. Nd2 Bxe2 11. Qxe2 Nbd7 12. h5 Nxh5 13. g4 Nhf6 14.
O-O-O Re8 15. f4 Nf8 16. e5 N6d7 17. Nde4 Qa5 18. Bd2 a6 19. Rh3 Qc7 20.
Rdh1 dxe5 21. f5 f6 22. Qh2 g5 23. Rxh7 1-0

[Event "Zagreb Open GpA"]
[Site "Zagreb CRO"]
[Date "2010.02.25"]
[Round "1"]
[White "Zivkovic,Vj"]
[Black "Brkic,A"]
[Result "0-1"]
[WhiteElo "2396"]
[BlackElo "2564"]
[EventDate "2010.02.25"]

1. e4 c5 2. Nf3 d6 3. d4 cxd4 4. Nxd4 Nf6 5. Nc3 Bd7 6. Bg5 e6 7. Qd2 a6 8.
O-O-O h6 9. Bxf6 Qxf6 10. f4 Nc6 11. Nf3 Qd8 12. g4 Qa5 13. Kb1 g5 14. fxg5
hxg5 15. Qxg5 Qxg5 16. Nxg5 Ne5 17. Be2 b5 18. a3 Rb8 19. h3 a5 20. Nf3
Nxf3 21. Bxf3 b4 22. axb4 axb4 23. Ne2 Ke7 24. Nd4 Bg7 25. h4 Be5 26. Rd3
Ra8 27. h5 Ra7 28. Kc1 Ra2 29. Bg2 Bf4+ 30. Kd1 Rxb2 31. Rb3 Ra2 32. Rxb4
Rc8 33. Rf1 Be3 0-1

[Event "Zagreb Open GpA"]
[Site "Zagreb CRO"]
[Date "2010.02.25"]
[Round "1"]
[White "Palac,M"]
[Black "Mrdja,M"]
[Result "1-0"]
[WhiteElo "2563"]
[BlackElo "2392"]
[EventDate "2010.02.25"]

1. e4 e6 2. d4 d5 3. Nd2 dxe4 4. Nxe4 Nd7 5. Nf3 Be7 6. Bd3 Ngf6 7. Nxf6+
Bxf6 8. O-O c5 9. Be3 cxd4 10. Nxd4 Nc5 11. Bb5+ Bd7 12. Qh5 Bxd4 13. Bxd4
Bxb5 14. Rfd1 Qc7 15. Bxc5 Be2 16. Qxe2 Qxc5 17. Rd3 O-O 18. Rd7 b5 19. a3
a5 20. g3 b4 21. axb4 axb4 22. Rxa8 Rxa8 23. Qe4 Rc8 24. Qb7 Qxc2 25. Rxf7
Qd1+ 26. Kg2 Qd5+ 27. Qxd5 exd5 28. Rb7 Rc4 29. b3 Rd4 30. Kf1 Rd2 31. Rxb4
Kf7 32. Kg2 g5 33. Kf3 Ke6 34. h4 h6 35. Rb6+ Kf5 36. Rxh6 g4+ 37. Ke3 Rb2
38. Rb6 Ke5 39. Rb5 Rc2 40. h5 Rc3+ 41. Ke2 Ke4 42. Rb7 Rc2+ 43. Kf1 Rc1+
44. Kg2 d4 45. h6 Rc8 46. h7 d3 47. Rd7 1-0

[Event "Zagreb Open GpA"]
[Site "Zagreb CRO"]
[Date "2010.02.25"]
[Round "1"]
[White "Franic,M"]
[Black "Chatalbashev,B"]
[Result "0-1"]
[WhiteElo "2392"]
[BlackElo "2561"]
[EventDate "2010.02.25"]

1. d4 g6 2. c4 Bg7 3. Nf3 c5 4. d5 d6 5. e4 Nf6 6. Nc3 O-O 7. Be2 e6 8. O-O
Re8 9. Bg5 h6 10. Bd2 Na6 11. h3 exd5 12. exd5 Bf5 13. g4 Bd7 14. Re1 h5
15. Nh2 hxg4 16. hxg4 Ne4 17. Nxe4 Rxe4 18. Qc2 Rd4 19. Be3 Qh4 20. Bxd4
Bxd4 21. Bf3 Nb4 22. Qd2 Nd3 23. Re4 Bxf2+ 24. Kf1 Qxh2 25. Qxd3 Qg1+ 26.
Ke2 Qxa1 27. Kxf2 Qxb2+ 28. Re2 Qf6 29. Kg3 Kg7 30. Qe3 Re8 31. g5 Qa1 32.
Qf4 Qg1+ 33. Rg2 Qe1+ 34. Rf2 Re5 35. Qf6+ Kg8 36. Bg4 Qg1+ 37. Rg2 Qe3+
38. Kh2 Bxg4 39. Rxg4 Qe2+ 40. Rg2 Qxc4 0-1

[Event "Zagreb Open GpA"]
[Site "Zagreb CRO"]
[Date "2010.02.25"]
[Round "1"]
[White "Saric,Ib"]
[Black "Plenkovic,Z"]
[Result "1-0"]
[WhiteElo "2556"]
[BlackElo "2388"]
[EventDate "2010.02.25"]

1. c4 Nf6 2. Nc3 g6 3. g3 Bg7 4. Bg2 O-O 5. d3 d6 6. e4 c5 7. Nge2 Nc6 8.
O-O Ne8 9. Be3 Nc7 10. d4 cxd4 11. Nxd4 Ne6 12. Nde2 Qa5 13. Rc1 Qh5 14. f3
Bh6 15. Bxh6 Qxh6 16. Nd5 f5 17. exf5 Rxf5 18. f4 Rf7 19. b4 Qg7 20. Re1 g5
21. Kh1 Bd7 22. b5 Ncd8 23. Qd2 Rc8 24. Qe3 Rc5 25. Rf1 gxf4 26. gxf4 Qh6
27. Rg1 Kf8 28. Bh3 Bc8 29. Rg3 b6 30. Rcg1 Ng7 31. Bxc8 Rxc8 32. Nd4 e5
33. Nf5 Rxf5 34. Rxg7 Qxg7 35. Rxg7 Kxg7 36. Qh3 1-0

[Event "Zagreb Open GpA"]
[Site "Zagreb CRO"]
[Date "2010.02.25"]
[Round "1"]
[White "Bukal,V jr"]
[Black "Ulibin,M"]
[Result "0-1"]
[WhiteElo "2378"]
[BlackElo "2548"]
[EventDate "2010.02.25"]

1. d4 e6 2. c4 f5 3. g3 Nf6 4. Bg2 c6 5. Nh3 d5 6. Qc2 Bd6 7. Bf4 O-O 8.
O-O Be7 9. Nc3 Nh5 10. Be3 Nd7 11. Rad1 Nb6 12. b3 g5 13. Bc1 Bd7 14. f3
Be8 15. e4 Bg6 16. Qe2 f4 17. g4 Ng7 18. Nf2 dxc4 19. bxc4 e5 20. dxe5 Qc8
21. Rd6 Bxd6 22. exd6 Qe6 23. c5 Nd7 24. Bb2 Nxc5 25. e5 Rad8 26. Re1 Rfe8
27. Nce4 Bxe4 28. Nxe4 Nxe4 29. Qxe4 Qxa2 30. Qb4 Ne6 31. Ra1 Qd5 32. Rxa7
b5 33. Qc3 Ra8 34. Rb7 Ra2 35. Qc2 Qc5+ 36. Qxc5 Nxc5 37. d7 Rd8 38. e6
Nxb7 39. Bf6 Re2 0-1

[Event "Zagreb Open GpA"]
[Site "Zagreb CRO"]
[Date "2010.02.25"]
[Round "1"]
[White "Drasko,M"]
[Black "Brumen,D"]
[Result "1/2-1/2"]
[WhiteElo "2537"]
[BlackElo "2358"]
[EventDate "2010.02.25"]

1. Nf3 d5 2. g3 Nf6 3. Bg2 e6 4. O-O Be7 5. c4 O-O 6. b3 c5 7. Bb2 Nc6 8.
e3 d4 9. exd4 cxd4 10. Re1 Qb6 11. Ba3 Bxa3 12. Nxa3 Qc5 13. Nc2 e5 14. d3
Re8 15. a3 a5 16. b4 Qd6 17. c5 Qc7 18. Nd2 Bg4 19. Bf3 Be6 20. Qe2 Nd5 21.
Ne4 axb4 22. axb4 Rxa1 23. Rxa1 Ncxb4 24. Nxb4 Nxb4 25. Nd6 Rb8 26. Qxe5
Nxd3 27. Qxd4 Nxc5 28. Nb5 Qb6 29. Rc1 Qxb5 30. Rxc5 Qe8 31. h4 h6 32. Re5
Qf8 33. Rb5 Qc8 34. Qb2 Qd8 35. Rxb7 Rc8 36. Rb4 Qd3 37. Be2 Qd5 38. Rb8
Rxb8 39. Qxb8+ Kh7 40. Qb5 Qxb5 41. Bxb5 1/2-1/2

[Event "Zagreb Open GpA"]
[Site "Zagreb CRO"]
[Date "2010.02.25"]
[Round "1"]
[White "Klasan,V"]
[Black "Blagojevic,Dr"]
[Result "1/2-1/2"]
[WhiteElo "2353"]
[BlackElo "2528"]
[EventDate "2010.02.25"]

1. e4 e5 2. Nf3 Nc6 3. d4 exd4 4. Nxd4 Nf6 5. Nxc6 bxc6 6. Bd3 d5 7. exd5
cxd5 8. O-O Be7 9. c4 O-O 10. cxd5 Nxd5 11. Nc3 Nxc3 12. bxc3 Bb7 13. Re1
Re8 14. Bf4 Bd6 15. Bxd6 Rxe1+ 16. Qxe1 Qxd6 17. Bxh7+ Kf8 18. Bc2 Qc6 19.
f3 Qc5+ 20. Kh1 Re8 21. Qg1 Qxc3 22. Rc1 Qe3 23. Bh7 1/2-1/2

[Event "Zagreb Open GpA"]
[Site "Zagreb CRO"]
[Date "2010.02.25"]
[Round "1"]
[White "Cebalo,M"]
[Black "Armanda,I"]
[Result "1-0"]
[WhiteElo "2500"]
[BlackElo "2345"]
[EventDate "2010.02.25"]

1. d4 Nf6 2. Bg5 d5 3. e3 Nbd7 4. Nf3 g6 5. c4 Bg7 6. Nc3 dxc4 7. Bxc4 O-O
8. O-O c6 9. h3 h6 10. Bf4 Nb6 11. Bb3 g5 12. Be5 g4 13. hxg4 Bxg4 14. Qc2
Bxf3 15. gxf3 e6 16. Kg2 Nfd7 17. Bg3 Nd5 18. Rh1 Re8 19. Rad1 Nf8 20. e4
Nxc3 21. bxc3 Ng6 22. f4 a5 23. a4 Nf8 24. Rh5 Qd7 25. Qe2 b5 26. Qg4 bxa4
27. Bc4 c5 28. Rdh1 Ng6 29. f5 exf5 30. Qxg6 1-0

[Event "Zagreb Open GpA"]
[Site "Zagreb CRO"]
[Date "2010.02.25"]
[Round "1"]
[White "Messing,H"]
[Black "Stanojoski,Z"]
[Result "0-1"]
[WhiteElo "2331"]
[BlackElo "2499"]
[EventDate "2010.02.25"]

1. e4 c5 2. Nf3 a6 3. c4 e6 4. Nc3 Qc7 5. d4 cxd4 6. Nxd4 Nf6 7. Bd3 Nc6 8.
Nc2 Ne5 9. f4 Nxc4 10. e5 Ng8 11. O-O f5 12. Qe2 Na5 13. Be3 b5 14. Qf2 Nc4
15. Bd4 Bb7 16. b3 Na3 17. Ne3 Rc8 18. Rac1 Qb8 19. g4 b4 20. Ne2 Rxc1 21.
Nxc1 g6 22. gxf5 gxf5 23. Nxf5 exf5 24. e6 Nf6 25. Bxf6 Rg8+ 26. Bg5 dxe6
27. Re1 Kf7 28. Qh4 Rg7 29. Kf1 Qd6 30. Qh6 Bd5 31. Qf6+ Kg8 32. Bh6 Rg4
33. Ne2 Bxh6 0-1

[Event "Zagreb Open GpA"]
[Site "Zagreb CRO"]
[Date "2010.02.25"]
[Round "1"]
[White "Pandurevic,M"]
[Black "Saric,A"]
[Result "1/2-1/2"]
[WhiteElo "2314"]
[BlackElo "2480"]
[EventDate "2010.02.25"]

1. b4 e5 2. a3 d5 3. Bb2 Bd6 4. Nf3 Qe7 5. e3 Nf6 6. c4 dxc4 7. Bxc4 a5 8.
bxa5 O-O 9. Nc3 e4 10. Nd4 Rxa5 11. Ncb5 Be5 12. Bc3 Ra8 13. Rc1 c5 14. f4
exf3 15. Nxf3 Bxc3 16. Rxc3 Nc6 17. O-O Bg4 18. Be2 Rfd8 19. Qc1 b6 20. Qe1
Ne4 21. Rc2 Rd7 22. Nh4 Bxe2 23. Nf5 Bxb5 24. Nxe7+ Nxe7 25. Rf4 Bd3 26.
Rb2 Nd5 27. Rf5 Rxa3 28. h3 f6 29. Qh4 Ra1+ 30. Kh2 Ng3 31. Qxg3 Bxf5 32.
Qf3 Bd3 33. e4 Nb4 34. Qf5 Rd6 35. Qc8+ Kf7 36. Qc7+ Ke6 37. Qc8+ Rd7 38.
Qe8+ Re7 39. Qg8+ Rf7 40. Qe8+ Re7 41. Qg8+ Kd7 42. Rxb4 cxb4 43. Qd5+ Kc7
44. Qxd3 Rc1 45. Qd4 Rd7 46. Qxb4 Rd1 47. Qc4+ Kb8 48. Qb3 R1xd2 49. Qxb6+
Rb7 50. Qc5 Rbd7 51. e5 1/2-1/2

[Event "Zagreb Open GpA"]
[Site "Zagreb CRO"]
[Date "2010.02.25"]
[Round "1"]
[White "Zufic,M"]
[Black "Bender,I"]
[Result "1-0"]
[WhiteElo "2450"]
[BlackElo "2310"]
[EventDate "2010.02.25"]

1. e4 c5 2. Nf3 d6 3. d4 cxd4 4. Nxd4 Nf6 5. Nc3 a6 6. Be3 e5 7. Nf3 Qc7 8.
a4 h6 9. Be2 Be6 10. O-O Be7 11. a5 O-O 12. Nd5 Bxd5 13. exd5 Nfd7 14. Nd2
f5 15. f3 Bh4 16. Kh1 f4 17. Bg1 Nf6 18. c4 Qe7 19. Qc2 Nbd7 20. Qg6 Rf7
21. Ne4 Nxe4 22. Qxe4 Raf8 23. Bd3 Rf5 24. Qxf5 Rxf5 25. Bxf5 g5 26. b4 Nf6
27. Be6+ Kg7 28. c5 e4 29. fxe4 Nxe4 30. Rac1 h5 31. Bf5 g4 32. Bxe4 Qxe4
33. c6 f3 34. gxf3 gxf3 35. Bf2 bxc6 36. dxc6 Bd8 37. c7 Bxc7 38. Rxc7+ Kf6
39. Rc3 Kf5 40. Re3 Qb7 41. Rb1 Qd5 42. b5 axb5 43. a6 Qa2 44. Rxb5+ Kg6
45. Rxf3 Qxa6 46. Rbf5 Qf1+ 47. Bg1 Qe2 48. R5f4 h4 49. Re3 1-0

[Event "Zagreb Open GpA"]
[Site "Zagreb CRO"]
[Date "2010.02.25"]
[Round "1"]
[White "Ivekovic,Z"]
[Black "Kovacevic,Bl"]
[Result "1/2-1/2"]
[WhiteElo "2283"]
[BlackElo "2447"]
[EventDate "2010.02.25"]

1. e4 Nf6 2. Nc3 d5 3. exd5 Nxd5 4. Bc4 Nb6 5. Bb3 Nc6 6. Nf3 e6 7. O-O Na5
8. d4 Be7 9. Ne4 O-O 10. c3 Nxb3 11. axb3 Nd5 12. Bg5 f6 13. Bd2 Re8 14. c4
Nb4 15. Bc3 b6 16. Qd2 a5 17. Qf4 Bb7 18. h4 Qb8 19. Rad1 c5 20. Qe3 Nc2
21. Qe2 cxd4 22. Nxd4 Nxd4 23. Bxd4 e5 24. Bc3 Qc7 25. Qg4 Bc8 26. Qf3 Be6
27. Bd2 b5 28. cxb5 Rab8 29. Rc1 Qb7 30. Bxa5 f5 31. Ng5 Qxf3 32. Nxf3 Bf6
33. Rc5 Bd7 34. Rd1 Rxb5 35. Rxb5 Bxb5 36. Bc3 e4 37. Bxf6 exf3 38. Bg5
fxg2 39. Kxg2 Re4 40. Kg3 Rg4+ 41. Kh3 Rb4 42. Kg3 h6 43. Be3 g5 44. hxg5
hxg5 45. Bd4 Be2 46. Rd2 Rxb3+ 1/2-1/2

[Event "Zagreb Open GpA"]
[Site "Zagreb CRO"]
[Date "2010.02.25"]
[Round "1"]
[White "Rogulj,B"]
[Black "Maras,M"]
[Result "1-0"]
[WhiteElo "2431"]
[BlackElo "2256"]
[EventDate "2010.02.25"]

1. e4 c5 2. Nc3 Nc6 3. g3 d6 4. Bg2 g6 5. d3 Bg7 6. f4 e6 7. Nf3 Nge7 8.
O-O h6 9. Be3 Nd4 10. e5 Nef5 11. Bf2 Nxf3+ 12. Qxf3 O-O 13. Ne4 dxe5 14.
fxe5 Nd4 15. Qd1 Bxe5 16. c3 Nc6 17. Bxc5 f5 18. d4 Bg7 19. Bxf8 Bxf8 20.
Nc5 Qd6 21. b4 Nd8 22. Qe2 Rb8 23. Rfe1 Bg7 24. Rad1 Kh7 25. Qe3 b6 26. Nd3
Ba6 27. Nf4 Bc4 28. Bf1 Rc8 29. Bxc4 Rxc4 30. Rd3 Rxc3 31. Red1 Rxd3 32.
Qxd3 Qxb4 33. d5 e5 34. Ne6 e4 35. Qc2 Nxe6 36. dxe6 h5 37. Rd7 Qe1+ 38.
Kg2 f4 39. gxf4 Qh4 40. Qxe4 Qg4+ 41. Kh1 1-0

[Event "Zagreb Open GpA"]
[Site "Zagreb CRO"]
[Date "2010.02.26"]
[Round "2"]
[White "Saric,Ib"]
[Black "Kozul,Z"]
[Result "0-1"]
[WhiteElo "2556"]
[BlackElo "2617"]
[EventDate "2010.02.25"]

1. d4 Nf6 2. c4 g6 3. Nc3 Bg7 4. e4 d6 5. Nf3 O-O 6. Be2 e5 7. O-O Nbd7 8.
Be3 c6 9. d5 c5 10. Ne1 Kh8 11. Nd3 Ng8 12. Qd2 f5 13. exf5 gxf5 14. f4 e4
15. Nf2 Ndf6 16. Rab1 b6 17. b4 h5 18. bxc5 bxc5 19. Nh3 Nh6 20. Kh1 Nfg4
21. Bg1 Qe7 22. Ng5 Nf7 23. Nd1 Bh6 24. h4 Bg7 25. Ne3 Nxg5 26. hxg5 Kh7
27. Rb3 Rh8 28. g3 Nxe3 29. Bxe3 Kg6 30. Kg2 h4 31. Rh1 hxg3 32. Rxh8 Bxh8
33. Bg1 Bg7 34. Kxg3 Qc7 35. Qd1 Kf7 36. Bh5+ Ke7 37. Bg6 Rb8 38. Qh5 Rxb3+
39. axb3 Qb6 40. Qh7 Qxb3+ 41. Kh4 Qf3 42. Qxg7+ Kd8 43. Qf8+ Kc7 44. Bxf5
Qxf4+ 45. Kh5 Bxf5 46. Qe7+ Kb6 47. Qd8+ Kb7 48. Qe7+ Ka6 49. Qf6 Ka5 50.
Kh6 Kb4 51. Kg7 Kxc4 52. g6 Qg4 53. Bh2 Qxg6+ 54. Qxg6 Bxg6 55. Kxg6 Kxd5
56. Kf5 a5 0-1

[Event "Zagreb Open GpA"]
[Site "Zagreb CRO"]
[Date "2010.02.26"]
[Round "2"]
[White "Radulski,J"]
[Black "Cebalo,M"]
[Result "1-0"]
[WhiteElo "2577"]
[BlackElo "2500"]
[EventDate "2010.02.25"]

1. e4 c5 2. Nf3 d6 3. d4 cxd4 4. Nxd4 Nf6 5. Nc3 g6 6. Be2 Bg7 7. Be3 O-O
8. g4 Nc6 9. g5 Nd7 10. h4 Nb6 11. Qd2 Ne5 12. b3 Ng4 13. O-O-O Nxe3 14.
Qxe3 a6 15. h5 Qc7 16. Nd5 Nxd5 17. exd5 Qc5 18. Kb1 Bd7 19. hxg6 hxg6 20.
Qf4 Rac8 21. c4 b5 22. Bg4 bxc4 23. Bxd7 cxb3 24. axb3 Rb8 25. Rh3 Qxd5 26.
Qh4 Rxb3+ 27. Rxb3 Bxd4 28. Rb4 1-0

[Event "Zagreb Open GpA"]
[Site "Zagreb CRO"]
[Date "2010.02.26"]
[Round "2"]
[White "Ulibin,M"]
[Black "Gleizerov,E"]
[Result "1/2-1/2"]
[WhiteElo "2548"]
[BlackElo "2565"]
[EventDate "2010.02.25"]

1. c4 c5 2. g3 Nc6 3. Bg2 g6 4. Nc3 Bg7 5. Nf3 e6 6. d4 cxd4 7. Nb5 d5 8.
cxd5 exd5 9. O-O Nge7 10. Bf4 O-O 11. Nc7 Rb8 12. Nb5 Ra8 13. Nc7 Rb8 14.
Nb5 1/2-1/2

[Event "Zagreb Open GpA"]
[Site "Zagreb CRO"]
[Date "2010.02.26"]
[Round "2"]
[White "Brkic,A"]
[Black "Fercec,N"]
[Result "1-0"]
[WhiteElo "2564"]
[BlackElo "2492"]
[EventDate "2010.02.25"]

1. e4 c5 2. Nf3 d6 3. d4 cxd4 4. Nxd4 Nf6 5. Nc3 a6 6. Be3 e5 7. Nb3 Be6 8.
Qd2 Be7 9. O-O-O O-O 10. f4 Nc6 11. f5 Bxb3 12. axb3 b5 13. Kb1 Nb4 14. Ne2
Qa5 15. Nc1 Nxe4 16. Qe1 Rac8 17. c3 Nc6 18. g4 d5 19. Bg2 b4 20. c4 Nc3+
21. bxc3 dxc4 22. Bd5 bxc3 23. Bxc4 e4 24. Rd5 Qa3 25. Qxc3 Bf6 26. Bc5
Qxc5 27. Rxc5 Bxc3 28. Bxa6 Bd4 29. Rc4 Rc7 30. Ne2 Be5 31. Rhc1 Nb8 32.
Rxc7 Bxc7 33. Rxc7 Nxa6 34. Rc6 Nb4 35. Rc4 Nd5 36. Rxe4 g5 37. Kb2 Nf6 38.
Rd4 Kg7 39. Ng3 Re8 40. b4 Re1 41. b5 Re5 42. Rb4 1-0

[Event "Zagreb Open GpA"]
[Site "Zagreb CRO"]
[Date "2010.02.26"]
[Round "2"]
[White "Stanojoski,Z"]
[Black "Palac,M"]
[Result "1/2-1/2"]
[WhiteElo "2499"]
[BlackElo "2563"]
[EventDate "2010.02.25"]

1. c4 Nf6 2. g3 c6 3. Bg2 d5 4. Nf3 dxc4 5. Qc2 b5 6. a4 Bb7 7. b3 cxb3 8.
Qxb3 a6 9. Ne5 e6 10. axb5 axb5 11. Rxa8 Bxa8 12. O-O Be7 13. Qa2 Bb7
1/2-1/2

[Event "Zagreb Open GpA"]
[Site "Zagreb CRO"]
[Date "2010.02.26"]
[Round "2"]
[White "Chatalbashev,B"]
[Black "Zufic,M"]
[Result "1-0"]
[WhiteElo "2561"]
[BlackElo "2450"]
[EventDate "2010.02.25"]

1. d4 Nf6 2. c4 g6 3. Nc3 d5 4. cxd5 Nxd5 5. e4 Nxc3 6. bxc3 Bg7 7. Bg5 c5
8. Rc1 O-O 9. Nf3 Bg4 10. d5 f5 11. Qb3 Kh8 12. Nd2 Nd7 13. f3 Bh5 14. Be2
h6 15. Bh4 g5 16. Bf2 Nf6 17. exf5 Nxd5 18. h4 g4 19. fxg4 Nf4 20. gxh5
Rxf5 21. Nf3 Nxg2+ 22. Kf1 Nf4 23. Qxb7 Rb8 24. Qe4 Qf8 25. Bd1 e6 26. Rh2
Qf7 27. Bc2 Nxh5 28. Re1 Nf6 29. Qe2 Rb2 30. Rh3 Nd5 31. Qe4 Nxc3 32. Qa8+
Kh7 33. Bxf5+ Qxf5 34. Rg3 Qf7 35. Bxc5 Nd5 36. Qxa7 Rb7 37. Qa4 Nc3 1-0

[Event "Zagreb Open GpA"]
[Site "Zagreb CRO"]
[Date "2010.02.26"]
[Round "2"]
[White "Blagojevic,Dr"]
[Black "Rogulj,B"]
[Result "1/2-1/2"]
[WhiteElo "2528"]
[BlackElo "2431"]
[EventDate "2010.02.25"]

1. d4 Nf6 2. c4 g6 3. Nf3 Bg7 4. g3 d5 5. cxd5 Nxd5 6. Bg2 Nb6 7. Nc3 Nc6
8. e3 O-O 9. O-O e5 10. d5 Ne7 11. e4 Bg4 12. a4 c6 13. a5 Nc4 14. Qb3 cxd5
15. Nxd5 Nxd5 16. Qxc4 Ne7 17. Be3 Be6 18. Qb5 Qd7 19. Qxd7 Bxd7 20. Rfd1
Bc6 21. Bc5 Rfe8 22. Nd2 Bf8 23. Nc4 Nc8 24. Bxf8 Kxf8 25. Rac1 a6 26. f3
1/2-1/2

[Event "Zagreb Open GpA"]
[Site "Zagreb CRO"]
[Date "2010.02.26"]
[Round "2"]
[White "Kovacevic,Bl"]
[Black "Drasko,M"]
[Result "1/2-1/2"]
[WhiteElo "2447"]
[BlackElo "2537"]
[EventDate "2010.02.25"]

1. Nf3 Nf6 2. c4 e6 3. g3 d5 4. Bg2 dxc4 5. Qa4+ Nbd7 6. Qxc4 c5 7. d3 Bd6
8. a4 O-O 9. Qb3 Nd5 10. Nc3 Nxc3 11. bxc3 Rb8 12. a5 b5 13. axb6 axb6 14.
c4 Bb7 15. O-O Bc6 16. Nd2 Be5 17. Bb2 Bxg2 18. Kxg2 Qc7 19. Rfb1 Ra8 20.
Ne4 Bxb2 21. Qxb2 f5 22. Ng5 Qc6+ 23. Kg1 e5 1/2-1/2

[Event "Zagreb Open GpA"]
[Site "Zagreb CRO"]
[Date "2010.02.26"]
[Round "2"]
[White "Saric,A"]
[Black "Klasan,V"]
[Result "1-0"]
[WhiteElo "2480"]
[BlackElo "2353"]
[EventDate "2010.02.25"]

1. c4 Nf6 2. Nc3 c5 3. g3 d5 4. cxd5 Nxd5 5. Bg2 Nc7 6. Qb3 Nd7 7. Nf3 e5
8. O-O Be7 9. e3 Ne6 10. Rd1 Bf6 11. Ne4 O-O 12. d3 g6 13. Nxf6+ Qxf6 14.
Bd2 Qd8 15. Bc3 Qc7 16. Qd5 Ng7 17. Nxe5 Nb6 18. Qf3 Na4 19. d4 Rb8 20.
Rac1 b6 21. Qc6 Qxc6 22. Nxc6 Rb7 23. dxc5 1-0

[Event "Zagreb Open GpA"]
[Site "Zagreb CRO"]
[Date "2010.02.26"]
[Round "2"]
[White "Brumen,D"]
[Black "Pandurevic,M"]
[Result "1-0"]
[WhiteElo "2358"]
[BlackElo "2314"]
[EventDate "2010.02.25"]

1. d4 c5 2. d5 e6 3. Nc3 exd5 4. Nxd5 Nf6 5. Bg5 Qa5+ 6. Bd2 Qd8 7. Nxf6+
Qxf6 8. Bc3 Qe6 9. Nh3 b5 10. Nf4 Qe4 11. e3 b4 12. Bd2 Ba6 13. Bd3 Qc6 14.
c4 bxc3 15. Bxc3 Qd6 16. Qf3 1-0

[Event "Zagreb Open GpA"]
[Site "Zagreb CRO"]
[Date "2010.02.26"]
[Round "2"]
[White "Runic,Z"]
[Black "Ivekovic,Z"]
[Result "0-1"]
[WhiteElo "2427"]
[BlackElo "2283"]
[EventDate "2010.02.25"]

1. e4 c5 2. Nf3 d6 3. d4 cxd4 4. Nxd4 Nf6 5. Nc3 a6 6. Bc4 e6 7. Bb3 Nbd7
8. f4 Nc5 9. O-O Nxb3 10. axb3 Be7 11. e5 dxe5 12. fxe5 Bc5 13. Be3 Nd5 14.
Qh5 O-O 15. Nxd5 Qxd5 16. Rad1 f6 17. Nf5 Bxe3+ 18. Nxe3 Qc5 19. Rde1 f5
20. Kh1 Bd7 21. c3 Bb5 22. b4 Qxe5 23. Rf2 Bd3 24. Kg1 Be4 25. Rd2 Rad8 26.
Qd1 Qc7 27. h3 Rxd2 28. Qxd2 Qg3 29. Nf1 Qg6 30. Qf2 Rd8 31. Ng3 Bc6 32.
Qe3 e5 33. Qf2 f4 34. Nf1 Qd6 35. Re2 e4 36. Qh4 e3 37. Nh2 Qd1+ 38. Re1
Qd2 39. Re2 Qd1+ 40. Nf1 Rf8 41. Qe1 Qd3 42. b3 Qg6 43. Kh2 f3 44. gxf3
Bxf3 45. Ra2 Qd6+ 46. Kg1 e2 47. Ng3 Qd1 48. Ra1 Rd8 0-1

[Event "Zagreb Open GpA"]
[Site "Zagreb CRO"]
[Date "2010.02.26"]
[Round "2"]
[White "Armanda,I"]
[Black "Loncar,R"]
[Result "1-0"]
[WhiteElo "2345"]
[BlackElo "2424"]
[EventDate "2010.02.25"]

1. e4 d5 2. exd5 Qxd5 3. Nf3 Nf6 4. d4 Qd6 5. Be2 g6 6. O-O Bg7 7. b3 O-O
8. Ba3 Qd8 9. Re1 Re8 10. c3 Nd5 11. Qd2 a5 12. Bb2 c6 13. c4 Nc7 14. Nc3
Bg4 15. Rad1 Nd7 16. h3 Bxf3 17. Bxf3 e6 18. Ne4 Nf6 19. Nc5 Qc8 20. Bc3 b6
21. Nd3 Na6 22. Ne5 Nb8 23. d5 exd5 24. cxd5 cxd5 25. Nxf7 Rxe1+ 26. Rxe1
Ra7 27. Bxf6 Rxf7 28. Bxg7 Kxg7 29. Qd4+ Kh6 30. Bxd5 Rc7 31. Be6 Qf8 32.
Re4 g5 33. Bc4 Rc6 34. h4 Rd6 35. hxg5+ Kg6 36. Qe3 Qf5 37. Bd3 Rxd3 38.
Qxd3 1-0

[Event "Zagreb Open GpA"]
[Site "Zagreb CRO"]
[Date "2010.02.26"]
[Round "2"]
[White "Biti,O"]
[Black "Bukal,V jr"]
[Result "1/2-1/2"]
[WhiteElo "2399"]
[BlackElo "2378"]
[EventDate "2010.02.25"]

1. e4 d6 2. d4 Nf6 3. Nc3 g6 4. Nf3 Bg7 5. h3 O-O 6. Be3 a6 7. Bd3 b5 8.
Qd2 Bb7 9. e5 b4 10. Ne2 Nfd7 11. Bh6 dxe5 12. Bxg7 Kxg7 13. Nxe5 Nxe5 14.
dxe5 Qd5 15. Qxb4 Nc6 16. Qc3 Qxe5 1/2-1/2

[Event "Zagreb Open GpA"]
[Site "Zagreb CRO"]
[Date "2010.02.26"]
[Round "2"]
[White "Jurkovic,A"]
[Black "Zivkovic,Vj"]
[Result "1/2-1/2"]
[WhiteElo "2330"]
[BlackElo "2396"]
[EventDate "2010.02.25"]

1. Nf3 Nf6 2. g3 g6 3. b3 Bg7 4. Bb2 O-O 5. Bg2 d5 6. c4 c6 7. O-O Bg4 8.
d3 Bxf3 9. Bxf3 Nbd7 10. cxd5 cxd5 11. Nc3 Ne5 12. Bg2 Nc6 13. Qd2 Qd7 14.
Rac1 Rac8 15. Na4 b6 1/2-1/2

[Event "Zagreb Open GpA"]
[Site "Zagreb CRO"]
[Date "2010.02.26"]
[Round "2"]
[White "Mrdja,M"]
[Black "Messing,H"]
[Result "1-0"]
[WhiteElo "2392"]
[BlackElo "2331"]
[EventDate "2010.02.25"]

1. e4 c5 2. Nf3 d6 3. d4 cxd4 4. Nxd4 Nf6 5. f3 e6 6. c4 Be7 7. Nc3 Nc6 8.
Be3 a6 9. Be2 Bd7 10. O-O Nxd4 11. Qxd4 O-O 12. Rfd1 Qa5 13. Qd2 Kh8 14. a3
Bc6 15. b4 Qh5 16. Bf1 e5 17. a4 Bd7 18. a5 Be6 19. Rac1 Rac8 20. Nd5 Nxd5
21. cxd5 Bd7 22. Rxc8 Bxc8 23. Rc1 f5 24. Rc7 f4 25. Rxe7 Qg5 26. Rc7 fxe3
27. Qc1 Bh3 28. Rc3 Bd7 29. Rc7 h6 30. Rxd7 Rxf3 31. Qe1 Rf2 32. Rc7 Qf4
33. Rc8+ Kh7 34. Rc3 h5 35. Be2 Qg5 36. g3 h4 37. Rxe3 Rxh2 38. Bf1 Rb2 39.
Rf3 Qg4 40. Re3 Qg5 41. Kh1 Rxb4 42. Qxb4 Qxe3 43. gxh4 Qf2 44. Bg2 Qxh4+
45. Kg1 Qg3 46. Qd2 g5 47. Qf2 1-0